|
|
|
|
| LEADER |
00000nam0a2200000 4500 |
| 001 |
114858 |
| 005 |
20231031122402.0 |
| 035 |
|
|
|a (RuTPU)RU\TPU\book\124213
|
| 090 |
|
|
|a 114858
|
| 100 |
|
|
|a 20070426d1979 km y0rusy50 ca
|
| 101 |
0 |
|
|a rus
|
| 102 |
|
|
|a RU
|
| 105 |
|
|
|a a z 001zy
|
| 200 |
1 |
|
|a Примеры расчетов неполнофазных режимов и коротких замыканий
|f А. М. Авербух
|
| 205 |
|
|
|a 2-е изд., перераб. и доп.
|
| 210 |
|
|
|a Ленинград
|c Энергия
|d 1979
|
| 215 |
|
|
|a 184 с.
|c ил.
|
| 320 |
|
|
|a Библиогр.: с. 181-182.
|
| 610 |
1 |
|
|a электрические сети
|
| 610 |
1 |
|
|a короткие замыкания
|
| 610 |
1 |
|
|a задачи
|
| 610 |
1 |
|
|a решения
|
| 610 |
1 |
|
|a двойные замыкания
|
| 675 |
|
|
|a 621.311.1.064.1(076)
|v 3
|
| 700 |
|
1 |
|a Авербух
|b А. М.
|g Арон Моисеевич
|
| 801 |
|
1 |
|a RU
|b 63413507
|c 20070426
|g PSBO
|
| 801 |
|
2 |
|a RU
|b 63413507
|c 20200630
|g PSBO
|
| 942 |
|
|
|c BK
|